Statistics for Top 10 Leicester City Premier League Most Assists

Click here to take the quiz!

General Stats

  • This quiz has been taken 66 times
    (26 since last reset)
  • The average score is 5 of 10

Answer Stats

PlayerAssists% Correct
Jamie Vardy43
95%
Riyad Mahrez28
95%
James Maddison32
82%
Marc Albrighton34
77%
Harvey Barnes25
50%
Youri Tielemans20
50%
Kelechi Iheanacho21
45%
Muzzy Izzet31
18%
Steve Guppy37
5%
Neil Lennon23
0%

Score Distribution

Percentile by Number Answered

Percent of People with Each Score

Your Score History

You have not taken this quiz since the last reset